[Event "EU-ch Blitz"]
[Site "Katowice"]
[Date "2022.12.16"]
[Round "2"]
[White "Hjartarson, Johann"]
[Black "Hartlinski, Tomasz"]
[Result "1/2-1/2"]
[WhiteElo "2476"]
[BlackElo "1480"]
[PlyCount "62"]
[EventDate "2022.12.16"]
[EventType "swiss (blitz)"]
[EventRounds "22"]
[EventCountry "POL"]
[SourceTitle "CBM 211 Extra"]
[Source "ChessBase"]
[SourceDate "2023.01.31"]
[SourceVersion "1"]
[SourceVersionDate "2023.01.31"]
[SourceQuality "1"]

1. c4 Nf6 2. Nf3 g6 3. g3 Bg7 4. Bg2 0-0 5. Nc3 c6 6. d4 d5 7. b3 Bf5 8. 0-0 Ne4 9. Bb2 Na6 10. Nh4 Nxc3 11. Bxc3 Be6 12. Qd3 Nc7 13. Rac1 a5 14. e4 a4 15. Rfd1 axb3 16. axb3 Qd7 17. exd5 cxd5 18. c5 Qb5 19. Bf1 Qxd3 20. Bxd3 Ra3 21. Rb1 Bf6 22. Nf3 Bg4 23. Kg2 Ne6 24. Be2 Ra2 25. Rb2 Rfa8 26. h3 Rxb2 27. Bxb2 Ra2 28. Rd2 Bxf3+ 29. Bxf3 Nxd4 30. Bxd5 Nxb3 31. Bxb3 Rxb2 1/2-1/2

[Event "Warsaw Maciei Memorial"]
[Site "Warsaw"]
[Date "2022.07.08"]
[Round "1"]
[White "Leniart, Arkadiusz"]
[Black "Hartlinski, Tomasz"]
[Result "1-0"]
[WhiteElo "2473"]
[BlackElo "1353"]
[PlyCount "103"]
[EventDate "2022.07.08"]
[EventType "swiss (blitz)"]
[EventRounds "11"]
[EventCountry "POL"]
[SourceTitle "CBM 209 Extra"]
[Source "ChessBase"]
[SourceDate "2022.09.30"]
[SourceVersion "1"]
[SourceVersionDate "2022.09.30"]
[SourceQuality "1"]

1. e4 c5 2. Nf3 e6 3. d4 cxd4 4. Nxd4 Nc6 5. Nc3 Qc7 6. g3 a6 7. Bg2 Nf6 8. 0-0 Be7 9. Re1 0-0 10. Nxc6 bxc6 11. e5 Nd5 12. Qg4 f5 13. exf6 Bxf6 14. Nxd5 cxd5 15. c4 Bb7 16. cxd5 Bxd5 17. Bxd5 exd5 18. Bf4 Qb6 19. Qxd7 Qxb2 20. Qxd5+ Kh8 21. Rad1 h6 22. Qb3 Qxb3 23. axb3 a5 24. Re4 Rfe8 25. Rxe8+ Rxe8 26. Kg2 Ra8 27. Rd6 Kh7 28. h4 a4 29. bxa4 Rxa4 30. h5 Ra5 31. g4 Be5 32. Bxe5 Rxe5 33. Kg3 Rb5 34. f3 Rb4 35. Rd3 Kg8 36. f4 Kf7 37. Ra3 Rb7 38. g5 hxg5 39. fxg5 Rb5 40. Kg4 Rb4+ 41. Kf5 Rb5+ 42. Kf4 Rb4+ 43. Kf3 Rb5 44. Ra7+ Kg8 45. Kf4 Rb4+ 46. Kg3 Rb5 47. g6 Kf8 48. Kg4 Rb4+ 49. Kf5 Rb5+ 50. Ke6 Rb6+ 51. Kd7 Rb8 52. Rc7 1-0

[Event "Wch U12 blitz"]
[Site "Rhodes"]
[Date "2022.05.03"]
[Round "2"]
[White "Hartlinski, Tomasz"]
[Black "Kuru, Atilla"]
[Result "0-1"]
[WhiteElo "1496"]
[BlackElo "2023"]
[PlyCount "76"]
[EventDate "2022.05.03"]
[EventType "swiss (blitz)"]
[EventRounds "9"]
[EventCountry "GRE"]
[SourceTitle "CBM 208 Extra"]
[Source "ChessBase"]
[SourceDate "2022.07.31"]
[SourceVersion "1"]
[SourceVersionDate "2022.07.31"]
[SourceQuality "1"]

1. d4 Nf6 2. c4 e6 3. Nf3 d5 4. Nc3 c6 5. Bg5 Nbd7 6. e3 Be7 7. Be2 0-0 8. 0-0 a6 9. a3 dxc4 10. Bxc4 b5 11. Bd3 c5 12. Qe2 Bb7 13. Rfd1 Qb6 14. Rac1 Rac8 15. Ne5 Rfd8 16. Nxd7 Rxd7 17. dxc5 Rxc5 18. Bxf6 Bxf6 19. Bxh7+ Kxh7 20. Rxd7 Qc6 21. Rxb7 Qxb7 22. Qd3+ g6 23. Rd1 Kg7 24. h3 a5 25. Ne2 Rd5 26. Qc2 Rxd1+ 27. Qxd1 Bxb2 28. Qb1 Be5 29. Qd3 b4 30. Qb3 Qa6 31. Nd4 Qc8 32. g3 Qc1+ 33. Kg2 Qxa3 34. Nxe6+ Kf6 35. Nc5 Qxb3 36. Nxb3 a4 37. Nd2 b3 38. Nc4 b2 0-1

[Event "Wch U12 rapid"]
[Site "Rhodes"]
[Date "2022.05.01"]
[Round "2"]
[White "Balint, Peter1111"]
[Black "Hartlinski, Tomasz"]
[Result "1-0"]
[WhiteElo "1721"]
[BlackElo "1447"]
[PlyCount "55"]
[EventDate "2022.05.01"]
[EventType "swiss (rapid)"]
[EventRounds "9"]
[EventCountry "GRE"]
[SourceTitle "CBM 208 Extra"]
[Source "ChessBase"]
[SourceDate "2022.07.31"]
[SourceVersion "1"]
[SourceVersionDate "2022.07.31"]
[SourceQuality "1"]

1. e4 c5 2. Nf3 e6 3. d4 cxd4 4. Nxd4 Nc6 5. Nc3 Qc7 6. Be3 a6 7. a3 b5 8. Be2 Bb7 9. 0-0 Nf6 10. f3 Be7 11. Nb3 d6 12. f4 0-0-0 13. Bf3 Nd7 14. Qe2 Nc5 15. Nd4 Nxd4 16. Bxd4 Bf6 17. Bf2 Rhe8 18. Rfe1 Be7 19. Rad1 Bc6 20. Na2 a5 21. b4 Nb7 22. bxa5 Nxa5 23. Nb4 Nc4 24. Nxc6 Qxc6 25. a4 b4 26. Rd4 d5 27. exd5 exd5 28. Bxd5 1-0